[Event "World Blitz 2015"]
[Site "Berlin GER"]
[Date "2015.10.14"]
[Round "14.49"]
[White "Kryvoruchko, Yuriy"]
[Black "Piorun, Kacper"]
[Result "1-0"]
[WhiteTitle "GM"]
[BlackTitle "GM"]
[WhiteElo "2710"]
[BlackElo "2609"]
[WhiteFideId "14109182"]
[BlackFideId "1130420"]
[EventDate "2015.10.13"]

1. Nf3 d5 2. e3 Nf6 3. b3 g6 4. Bb2 Bg7 5. c4 c6 6. Be2 O-O 7. O-O Bg4 8. d3
Nbd7 9. Nbd2 a5 10. a3 e6 11. h3 Bxf3 12. Nxf3 Ne8 13. d4 f5 14. b4 Nd6 15. Qc2
dxc4 16. Bxc4 Nxc4 17. Qxc4 Re8 18. Qb3 Nf6 19. Rfc1 Qd5 20. Qd1 Nd7 21. Bc3
axb4 22. axb4 Nb6 23. Ra5 Qd7 24. Qb3 Nd5 25. Rca1 Rab8 26. Be1 h6 27. b5 c5 28.
Rd1 Qc7 29. b6 Qxb6 30. Rb5 Qc7 31. Rxc5 Qd7 32. Rb1 g5 33. Nd2 Bf8 34. Rb5 Rec8
35. Nc4 Qc7 36. Ne5 b6 37. Rxd5 exd5 38. Qxd5+ Kh7 39. Nd7 Qc2 40. Ra1 Rd8 41.
Qf7+ Bg7 42. Nxb8 Rxb8 43. Ra7 Rg8 44. Kh2 b5 45. Bb4 Qe4 46. Bd6 f4 47. Be5 Qg6
48. Qd5 b4 49. Rb7 fxe3 50. fxe3 g4 51. hxg4 Qxg4 52. Qf3 Qh4+ 53. Qh3 Qxh3+ 54.
Kxh3 b3 55. Bxg7 Rxg7 56. Rxb3 Kg6 57. e4 Re7 58. Re3 Rd7 59. d5 Kf6 60. e5+ Ke7
61. d6+ Ke6 62. g4 Rg7 63. Kh4 Rg8 64. Rd3 Kxe5 65. d7 Rd8 66. Kh5 Kf4 67. Rd6
Ke5 68. Rd1 Kf6 69. Rd3 Kg7 70. Rd6 Kf7 71. Kxh6 Ke7 72. Rd1 Rh8+ 73. Kg7 Rd8
74. g5 1-0

[Event "World Blitz 2015"]
[Site "Berlin GER"]
[Date "2015.10.14"]
[Round "14.50"]
[White "Riff, Jean-Noel"]
[Black "Bologan, Viktor"]
[Result "0-1"]
[WhiteTitle "GM"]
[BlackTitle "GM"]
[WhiteElo "2499"]
[BlackElo "2607"]
[WhiteFideId "611190"]
[BlackFideId "13900048"]
[EventDate "2015.10.13"]

1. e4 c6 2. d4 d5 3. e5 Bf5 4. h4 h5 5. Bd3 Bxd3 6. Qxd3 e6 7. Bg5 Qa5+ 8. Nd2
Qa6 9. c4 Bb4 10. Nf3 Qxc4 11. Qxc4 dxc4 12. Ke2 b5 13. Ne4 Nd7 14. b3 cxb3 15.
axb3 f5 16. exf6 Ngxf6 17. Bxf6 Nxf6 18. Neg5 O-O 19. Ra6 Nd5 20. Rxc6 Nf4+ 21.
Kd1 Nxg2 22. Rg1 Nf4 23. Ne5 Rfc8 24. Ne4 Be7 25. Nc5 Bxh4 26. Ra6 Bxf2 27. Rg5
Bxd4 28. Ned7 Bxc5 29. Nxc5 Rd8+ 30. Ke1 Rd5 31. Rxd5 exd5 32. Kf2 Kh7 33. Kg3
Rf8 34. Rxa7 Ne2+ 35. Kh4 Kh6 36. Ne6 g5+ 37. Kh3 Nf4+ 0-1

[Event "World Blitz 2015"]
[Site "Berlin GER"]
[Date "2015.10.14"]
[Round "14.51"]
[White "Postny, Evgeny"]
[Black "Hirneise, Tobias"]
[Result "1-0"]
[WhiteTitle "GM"]
[BlackTitle "IM"]
[WhiteElo "2658"]
[BlackElo "2457"]
[WhiteFideId "2804344"]
[BlackFideId "24600881"]
[EventDate "2015.10.13"]

1. d4 Nf6 2. c4 e6 3. Nf3 b6 4. g3 c6 5. Bg2 d5 6. O-O Be7 7. Nc3 O-O 8. b3 a5
9. Bb2 Ba6 10. Nd2 Nbd7 11. e4 Qb8 12. Re1 Bb4 13. e5 Ne8 14. a3 Be7 15. h4 Nc7
16. h5 b5 17. c5 b4 18. axb4 Qxb4 19. Ra4 Qb7 20. h6 g6 21. Rxa5 Bg5 22. f4 Bxh6
23. Ra4 Nb5 24. Ne2 Nc7 25. Qc2 Bb5 26. Rxa8 Rxa8 27. Nc3 Ba6 28. Bf3 Nb5 29.
Ne2 Nc7 30. Kf2 Qb5 31. Nc3 Qb7 32. Rh1 Bg7 33. g4 Nb5 34. Ne2 Nc7 35. Ng3 Qb5
36. Be2 Qb7 37. Bf3 Qb5 38. Be2 Qb7 39. Bxa6 Rxa6 40. f5 Nb5 41. f6 Bf8 42. Nf3
Ra2 43. Qb1 Nc3 44. Qc2 Ne4+ 45. Nxe4 dxe4 46. Ng5 h6 47. Nxe4 Qb5 48. Nc3 Rxb2
49. Qxb2 Qd3 50. Ne2 Nxc5 51. dxc5 Bxc5+ 52. Ke1 Bb4+ 53. Kf2 Bc5+ 54. Kg2 Qe4+
55. Kh2 Qxg4 56. Ng3 Bd4 57. Qe2 Qg5 58. Re1 Bc3 59. Qe3 Qh4+ 60. Kg2 Bxe1 61.
Qxe1 h5 62. Qd2 Kh7 63. Qd7 Kg8 64. Qe8+ Kh7 65. Qxf7+ 1-0

[Event "World Blitz 2015"]
[Site "Berlin GER"]
[Date "2015.10.14"]
[Round "14.52"]
[White "Wagner, Dennis"]
[Black "Khairullin, Ildar"]
[Result "0-1"]
[WhiteTitle "GM"]
[BlackTitle "GM"]
[WhiteElo "2575"]
[BlackElo "2652"]
[WhiteFideId "24650684"]
[BlackFideId "4151348"]
[EventDate "2015.10.13"]

1. d4 Nf6 2. c4 c5 3. d5 g6 4. Nc3 Bg7 5. e4 O-O 6. Nf3 e6 7. e5 Ne8 8. h4 d6 9.
h5 dxe5 10. hxg6 fxg6 11. Ng5 Nf6 12. Be3 exd5 13. cxd5 Ng4 14. d6 h6 15. Qd5+
Kh8 16. Nf7+ Rxf7 17. Qxf7 Bf5 18. Bc4 Nc6 19. Be6 Nd4 20. Bxf5 gxf5 21. Bxd4
exd4 22. Qxf5 dxc3 23. Qxg4 cxb2 24. Rd1 Qa5+ 25. Kf1 Qxa2 26. Qg6 Qb3 27. Re1
Rf8 28. d7 Qb5+ 29. Kg1 Qxd7 30. Rxh6+ Bxh6 31. Qxh6+ Kg8 32. Qg6+ Qg7 33. Qe6+
Qf7 34. Qg4+ Kh8 35. Qh5+ Qxh5 0-1

[Event "World Blitz 2015"]
[Site "Berlin GER"]
[Date "2015.10.14"]
[Round "14.53"]
[White "Dlugy, Maxim"]
[Black "Pavlidis, Antonios"]
[Result "0-1"]
[WhiteTitle "GM"]
[BlackTitle "GM"]
[WhiteElo "2518"]
[BlackElo "2522"]
[WhiteFideId "2000075"]
[BlackFideId "4212312"]
[EventDate "2015.10.13"]

1. d4 Nf6 2. c4 e6 3. Nf3 b6 4. g3 Ba6 5. Qa4 Bb7 6. Bg2 Be7 7. O-O O-O 8. Nc3
Ne4 9. Nxe4 Bxe4 10. Rd1 d6 11. Bf4 Nd7 12. Rac1 h6 13. Ne1 Bxg2 14. Nxg2 Bf6
15. e4 Bxd4 16. Rxd4 e5 17. Rd2 exf4 18. Nxf4 Ne5 19. Qd1 a5 20. b3 Re8 21. Rc3
Qd7 22. Nd5 Qc6 23. f4 Nd7 24. Qf3 Nc5 25. Re2 Ne6 26. h4 Nd4 27. Qf2 Nxe2+ 28.
Qxe2 Qc5+ 29. Kg2 a4 30. b4 Qd4 31. Re3 Rac8 32. Kf3 c6 33. Nc3 a3 34. Qd3 Qf6
35. Na4 b5 36. cxb5 cxb5 37. Nb6 Rc1 38. Qxb5 Rb8 39. Qa5 Qb2 40. Nd5 h5 41. Qa6
Qxa2 42. Rxa3 Qc2 43. Ne3 Qd2 44. Ra2 Qxb4 45. Qd3 Rc3 46. Qd2 Re8 47. e5 dxe5 0-1

[Event "World Blitz 2015"]
[Site "Berlin GER"]
[Date "2015.10.14"]
[Round "14.55"]
[White "Milanovic, Danilo"]
[Black "Akopian, Vladimir"]
[Result "1-0"]
[WhiteTitle "GM"]
[BlackTitle "GM"]
[WhiteElo "2469"]
[BlackElo "2648"]
[WhiteFideId "915483"]
[BlackFideId "13300032"]
[EventDate "2015.10.13"]

1. d4 Nf6 2. c4 e6 3. Nc3 Bb4 4. e3 b6 5. Bd3 Bb7 6. Ne2 c5 7. O-O cxd4 8. exd4
O-O 9. d5 Na6 10. Bg5 h6 11. Bh4 Be7 12. Bg3 exd5 13. cxd5 Re8 14. a3 Nc5 15.
Bc2 Bf8 16. f3 Ba6 17. Re1 Rc8 18. b4 Bxe2 19. Nxe2 Nb7 20. Bb3 Bd6 21. Bf2 Be5
22. Rc1 Rxc1 23. Qxc1 Qb8 24. g3 Rc8 25. Qd2 Nd6 26. Qd3 b5 27. f4 Bb2 28. Rb1
Bxa3 29. Ba2 Nde4 30. Bd4 Bxb4 31. Rxb4 a6 32. Rb1 Qd6 33. Kg2 Re8 34. Ng1 Qc7
35. Nf3 Nd6 36. Bb3 Nfe4 37. Re1 f5 38. Ne5 Kh7 39. h3 Qa5 40. Re2 Qa3 41. g4
Rc8 42. gxf5 Qc1 43. f6 Qxf4 44. fxg7 Rg8 45. Ng4 Kg6 46. Bc2 h5 47. Rxe4 Nxe4
48. Qxe4+ Qxe4+ 49. Bxe4+ Kf7 50. Nh6+ 1-0

[Event "World Blitz 2015"]
[Site "Berlin GER"]
[Date "2015.10.14"]
[Round "14.58"]
[White "Stefansson, Hannes"]
[Black "Hausrath, Daniel"]
[Result "1-0"]
[WhiteTitle "GM"]
[BlackTitle "GM"]
[WhiteElo "2602"]
[BlackElo "2503"]
[WhiteFideId "2300087"]
[BlackFideId "4617495"]
[EventDate "2015.10.13"]

1. d4 Nf6 2. c4 Nc6 3. Nf3 e6 4. g3 d5 5. cxd5 exd5 6. Bg2 Bd6 7. O-O Ne7 8. Nc3
c6 9. Bg5 Ng6 10. e4 dxe4 11. Bxf6 Qxf6 12. Nxe4 Qd8 13. Nxd6+ Qxd6 14. Re1+ Ne7
15. Qe2 h6 16. d5 cxd5 17. Nd4 Be6 18. Nxe6 fxe6 19. Bh3 O-O 20. Bxe6+ Kh8 21.
Rad1 d4 22. Bb3 Nc6 23. Qe4 Qf6 24. Rd2 Qf5 25. Qxf5 Rxf5 26. Bc2 Re5 27. Be4
Rd8 28. f3 g5 29. Red1 g4 30. Kf2 gxf3 31. Bxf3 Rf5 32. Kg2 Ne5 33. Be4 Rf6 34.
Rxd4 Rdf8 35. R1d2 Ng4 36. Rd8 Ne3+ 37. Kh3 Nc4 38. Rxf8+ Rxf8 39. Rd7 Re8 40.
Bg6 Rb8 41. b3 Ne5 42. Rh7+ Kg8 43. Be4 Nf7 44. Kg4 Re8 45. Bf5 Re2 46. h4 Rf2
47. Bg6 Ne5+ 48. Kh5 Rf6 49. Rxh6 Rd6 50. Bh7+ 1-0

[Event "World Blitz 2015"]
[Site "Berlin GER"]
[Date "2015.10.14"]
[Round "14.59"]
[White "Svane, Rasmus"]
[Black "Ivanisevic, Ivan"]
[Result "0-1"]
[WhiteTitle "IM"]
[BlackTitle "GM"]
[WhiteElo "2543"]
[BlackElo "2653"]
[WhiteFideId "4657101"]
[BlackFideId "912417"]
[EventDate "2015.10.13"]

1. Nf3 d5 2. d4 Bf5 3. c4 e6 4. Nc3 Nc6 5. cxd5 exd5 6. Bf4 Nf6 7. e3 Bd6 8. Bg5
Ne7 9. Bd3 Be6 10. O-O c6 11. Bxf6 gxf6 12. e4 Qb6 13. Na4 Qc7 14. Re1 O-O-O 15.
e5 fxe5 16. dxe5 Bb4 17. Rf1 Ng6 18. a3 Be7 19. Re1 Kb8 20. b4 Rhg8 21. Bxg6
hxg6 22. Nd4 Bc8 23. Rc1 Rh8 24. Qc2 Bg5 25. Rcd1 Bf4 26. g3 Bxe5 27. b5 Bg4 28.
f3 Bxd4+ 29. Rxd4 Bxf3 30. bxc6 Be4 31. Qc3 Qxc6 32. Qxc6 bxc6 33. Nc5 f5 34.
Rb4+ Ka8 35. Rc1 Rb8 36. Na6 Rxb4 37. Nxb4 d4 38. h4 a5 39. Na6 d3 40. Nc5 Rd8
41. Rd1 d2 42. Nxe4 fxe4 43. Kf2 Rd3 44. g4 Rh3 45. Rxd2 e3+ 0-1

[Event "World Blitz 2015"]
[Site "Berlin GER"]
[Date "2015.10.14"]
[Round "14.60"]
[White "Belov, Vladimir"]
[Black "Teske, Henrik"]
[Result "1-0"]
[WhiteTitle "GM"]
[BlackTitle "GM"]
[WhiteElo "2614"]
[BlackElo "2475"]
[WhiteFideId "4132394"]
[BlackFideId "4611500"]
[EventDate "2015.10.13"]

1. d4 Nf6 2. c4 g6 3. Nc3 Bg7 4. e4 O-O 5. Nf3 c6 6. Bd3 a6 7. O-O b5 8. e5 Ne8
9. Re1 d6 10. Bf4 Nd7 11. exd6 Nxd6 12. c5 Nf5 13. Be4 Bb7 14. Qd2 e6 15. Rad1
b4 16. Na4 a5 17. h3 Rc8 18. a3 bxa3 19. bxa3 Ba6 20. Bxf5 exf5 21. Bh6 Nf6 22.
Bxg7 Kxg7 23. Nb6 Rb8 24. Qxa5 Bc8 25. Ne5 Qc7 26. Qc3 Be6 27. Qf3 Nd5 28. Nec4
Rfd8 29. a4 Nb4 30. Qc3 Nd5 31. Nxd5 Bxd5 32. Nb6 Rxb6 33. cxb6 Qxb6 34. a5 Qa6
35. Ra1 Rb8 36. Qc5 Rb2 37. Re7 Rb5 38. Qa3 h5 39. Re8 Qa7 40. Qf8+ Kf6 41. h4
f4 42. Qh8+ Kf5 43. Qe5+ 1-0

[Event "World Blitz 2015"]
[Site "Berlin GER"]
[Date "2015.10.14"]
[Round "14.61"]
[White "Richter, Michael"]
[Black "Roiz, Michael"]
[Result "1-0"]
[WhiteTitle "GM"]
[BlackTitle "GM"]
[WhiteElo "2517"]
[BlackElo "2600"]
[WhiteFideId "4618920"]
[BlackFideId "2804158"]
[EventDate "2015.10.13"]

1. d4 Nf6 2. c4 g6 3. Nc3 d5 4. cxd5 Nxd5 5. Bd2 Bg7 6. e4 Nb6 7. Be3 O-O 8. f4
Nc6 9. d5 Nb8 10. Bd4 c6 11. Bxg7 Kxg7 12. Nf3 cxd5 13. exd5 N8d7 14. Qd4+ Nf6
15. Rd1 Bg4 16. Be2 Rc8 17. O-O Qd6 18. h3 Bxf3 19. Bxf3 Rc4 20. Qe5 Rxf4 21.
Qxd6 exd6 22. Nb5 Nc4 23. Rf2 a6 24. Nc3 Ne5 25. Be2 Rxf2 26. Kxf2 Rc8 27. Rd4
Nfd7 28. Rb4 Rc7 29. Ne4 Nc5 30. Nxc5 dxc5 31. Rb6 Nd7 32. d6 Rc8 33. Rxb7 Nf6
34. Bf3 Rd8 35. Rb6 a5 36. Ke3 Ne8 37. Rc6 Nxd6 38. Rxc5 Nf5+ 39. Ke2 a4 40. Rc4
Rb8 41. Rxa4 Rxb2+ 42. Kd3 g5 43. Ra7 Nh4 44. Bd5 Nxg2 45. Rxf7+ Kg6 46. Rb7
Nf4+ 47. Kc3 Re2 48. Bc4 Re3+ 49. Kd4 Rxh3 50. a4 Ra3 51. Rb6+ Kf5 52. Bb3 Ne2+
53. Ke3 Nc1 54. a5 Nxb3 55. a6 Nc5+ 56. Kd4 Rxa6 57. Rb5 Rc6 1-0

[Event "World Blitz 2015"]
[Site "Berlin GER"]
[Date "2015.10.14"]
[Round "14.62"]
[White "Bezold, Michael"]
[Black "Nikolic, Predrag"]
[Result "0-1"]
[WhiteTitle "GM"]
[BlackTitle "GM"]
[WhiteElo "2509"]
[BlackElo "2603"]
[WhiteFideId "4601718"]
[BlackFideId "14400014"]
[EventDate "2015.10.13"]

1. c4 e5 2. g3 Nf6 3. Bg2 c6 4. d4 e4 5. Nc3 d5 6. Bg5 Bb4 7. Qb3 Bxc3+ 8. bxc3
Nbd7 9. cxd5 cxd5 10. c4 h6 11. Bd2 dxc4 12. Qxc4 O-O 13. e3 Nb6 14. Qc2 Be6 15.
Ne2 Rc8 16. Qd1 Qd7 17. O-O Bg4 18. Re1 Nc4 19. Rb1 Rfe8 20. Bc1 Nd5 21. Bd2 b6
22. Rb3 h5 23. Rf1 h4 24. Qe1 Rc6 25. Nf4 Nxf4 26. exf4 Bh3 27. Be3 Bxg2 28.
Kxg2 Rh6 0-1

[Event "World Blitz 2015"]
[Site "Berlin GER"]
[Date "2015.10.14"]
[Round "14.63"]
[White "Seirawan, Yasser"]
[Black "Abel, Dennes"]
[Result "0-1"]
[WhiteTitle "GM"]
[BlackTitle "IM"]
[WhiteElo "2620"]
[BlackElo "2441"]
[WhiteFideId "2000032"]
[BlackFideId "24605417"]
[EventDate "2015.10.13"]

1. c4 c6 2. e4 d5 3. exd5 cxd5 4. cxd5 Nf6 5. Qa4+ Nbd7 6. Nc3 g6 7. Bc4 a6 8.
d3 Bg7 9. Be3 O-O 10. Qa3 Nb6 11. Qb3 Nxc4 12. dxc4 b5 13. cxb5 axb5 14. Rd1 b4
15. Qxb4 Ba6 16. Nge2 Qd7 17. Rd2 Rfb8 18. Qf4 Nh5 19. Qe4 Bxc3 20. Nxc3 Nf6 21.
Qd4 Ng4 22. h3 Nxe3 23. fxe3 Qd6 24. Kf2 Rb4 25. Rhd1 Rxd4 26. Rxd4 Rb8 27. R1d2
h5 28. a3 Rc8 29. Ne4 Qe5 30. b4 Rc4 31. Nc5 Rxd4 32. Rxd4 Qf5+ 33. Kg1 Bc8 34.
a4 Qe5 35. Kf2 Qf6+ 36. Kg1 Qe5 37. Kf2 Qf5+ 38. Kg1 Qb1+ 39. Kf2 Qb2+ 40. Kf3
g5 41. a5 g4+ 42. hxg4 Bxg4+ 43. Kg3 Qe2 44. Re4 Qe1+ 45. Kh2 Bf5 46. Re5 Qxb4
47. Rxf5 Qxc5 48. Rg5+ Kf8 49. Rxh5 Qxa5 50. e4 Qc7+ 51. Kh3 Qf4 52. Rh4 Qe3+
53. Kh2 Kg7 54. g3 Qf2+ 55. Kh3 Qf1+ 56. Kh2 Qe2+ 57. Kh3 f6 58. Rf4 Kg6 59.
Rg4+ Kh5 60. Rh4+ Kg5 61. Rf4 Qd2 62. Rg4+ Kh5 63. Rh4+ Kg6 64. Rg4+ Kf7 65. Rf4
Qd3 66. Kg2 Ke8 67. Kh2 Kd7 68. Kg2 Kd6 69. Rh4 Ke5 70. Rf4 Qd2+ 71. Kf3 Qd3+
72. Kf2 Qxe4 73. Rxe4+ Kxe4 74. Ke2 Kxd5 75. g4 Ke4 0-1

[Event "World Blitz 2015"]
[Site "Berlin GER"]
[Date "2015.10.14"]
[Round "14.65"]
[White "Polzin, Rainer"]
[Black "Bauer, Christian"]
[Result "0-1"]
[WhiteTitle "GM"]
[BlackTitle "GM"]
[WhiteElo "2416"]
[BlackElo "2623"]
[WhiteFideId "4610741"]
[BlackFideId "603767"]
[EventDate "2015.10.13"]

1. e4 Nc6 2. Nf3 d6 3. Nc3 g6 4. d4 Bg7 5. h3 Nf6 6. Bb5 O-O 7. O-O a6 8. Bxc6
bxc6 9. Be3 Rb8 10. Rb1 Bb7 11. Qd2 Re8 12. Bh6 Bh8 13. Rfe1 Nd7 14. e5 c5 15.
exd6 Bxf3 16. dxe7 Rxe7 17. gxf3 cxd4 18. Nd5 Re5 19. Nf4 Qh4 20. Ng2 Qxh3 21.
Rxe5 Nxe5 22. Qf4 Nxf3+ 23. Kf1 Re8 0-1

[Event "World Blitz 2015"]
[Site "Berlin GER"]
[Date "2015.10.14"]
[Round "14.66"]
[White "Sanal, Vahap"]
[Black "Salem, A.R. Saleh"]
[Result "0-1"]
[WhiteTitle "IM"]
[BlackTitle "GM"]
[WhiteElo "2501"]
[BlackElo "2624"]
[WhiteFideId "6300545"]
[BlackFideId "9301348"]
[EventDate "2015.10.13"]

1. Nf3 c5 2. c4 Nf6 3. Nc3 d5 4. cxd5 Nxd5 5. d4 Nxc3 6. bxc3 g6 7. g3 Bg7 8.
Bg2 Nc6 9. e3 O-O 10. O-O Qc7 11. a4 Rd8 12. Ba3 b6 13. Qe2 Rb8 14. Rab1 Na5 15.
dxc5 Be6 16. Rfd1 bxc5 17. Rxd8+ Rxd8 18. Qb5 Rc8 19. Qd3 Nc4 20. Bc1 Rd8 21.
Qe2 Qd7 22. h4 Qd1+ 23. Qxd1 Rxd1+ 24. Kh2 Bxc3 25. e4 Nb6 26. a5 Bxa5 27. Rb5
Bb4 28. Be3 Bd7 29. Rxc5 Bxc5 30. Bxc5 Nc8 31. Ne5 Bb5 32. Bf3 Rc1 33. Be3 Rc2
34. Bd1 Rb2 35. Bg4 e6 36. Bd4 Rb4 37. Nf3 Be2 38. Bc5 Rxe4 39. Kh3 Bf1+ 0-1

[Event "World Blitz 2015"]
[Site "Berlin GER"]
[Date "2015.10.14"]
[Round "14.67"]
[White "Rakhmanov, Aleksandr"]
[Black "Sethuraman, S.P."]
[Result "0-1"]
[WhiteTitle "GM"]
[BlackTitle "GM"]
[WhiteElo "2637"]
[BlackElo "2640"]
[WhiteFideId "4173708"]
[BlackFideId "5021596"]
[EventDate "2015.10.13"]

1. c4 e6 2. e4 c5 3. Nc3 Nc6 4. Nf3 Nf6 5. Be2 Qb6 6. O-O Be7 7. d3 O-O 8. h3
Rd8 9. Rb1 d5 10. e5 Ne8 11. Qb3 Qxb3 12. axb3 Nc7 13. Bf4 Bd7 14. Ra1 Be8 15.
Rfd1 b6 16. h4 h6 17. g4 Na5 18. Ra3 Na6 19. h5 Nb4 20. Ne1 Nac6 21. Nf3 Nc2 22.
Kg2 Nxa3 23. bxa3 Nd4 24. Nxd4 cxd4 25. Nb1 Rac8 26. a4 a6 27. Nd2 b5 28. cxb5
axb5 29. axb5 Rc2 30. Bf1 Bxb5 31. Nf3 Bc5 32. Ra1 Bb6 33. g5 hxg5 34. Bxg5 Rdc8
35. h6 gxh6 36. Bxh6 Rb2 37. Bg5 Kh7 38. Kg3 Bd8 39. Bf4 Be7 40. Ra7 Rg8+ 41.
Kh3 Rxf2 0-1

[Event "World Blitz 2015"]
[Site "Berlin GER"]
[Date "2015.10.14"]
[Round "14.68"]
[White "Guliyev, Namig"]
[Black "Fedorchuk, Sergey A."]
[Result "1-0"]
[WhiteTitle "GM"]
[BlackTitle "GM"]
[WhiteElo "2579"]
[BlackElo "2635"]
[WhiteFideId "13400363"]
[BlackFideId "14102536"]
[EventDate "2015.10.13"]

1. e4 c5 2. Nf3 e6 3. d4 cxd4 4. Nxd4 a6 5. Bd3 Bc5 6. Nb3 Be7 7. O-O d6 8. c4
b6 9. Nc3 Bb7 10. Qg4 g6 11. Qe2 Qc7 12. f4 Nf6 13. f5 gxf5 14. exf5 Rg8 15. Ne4
e5 16. Nxf6+ Bxf6 17. Be4 Nd7 18. Bh6 Rc8 19. Nd2 Be7 20. Rad1 Nf6 21. b3 b5 22.
h3 Nxe4 23. Nxe4 Qc6 24. Rfe1 bxc4 25. f6 Qxe4 26. Qxe4 Bxe4 27. Rxe4 Bxf6 28.
Rxd6 Rg6 29. Be3 cxb3 30. axb3 Rc2 31. g4 Re2 32. Rxa6 Bg5 33. Rxe5+ Kd7 34.
Ra7+ Kc6 35. Rxg5 Rxe3 36. Rxg6+ hxg6 37. Kg2 Rxb3 38. Rxf7 Rb2+ 39. Kg3 Kd5 40.
Kh4 Ke4 41. Kg5 Rh2 42. h4 Rg2 43. Rf1 Ke3 44. Rf6 Ke4 45. Rxg6 Kf3 46. Kh5 Kg3
47. Rg8 Rh2 48. g5 Rxh4+ 49. Kg6 Ra4 50. Kh6 Rh4+ 51. Kg7 Kg4 52. g6 Kg5 53. Ra8
Rb4 54. Ra5+ Kg4 55. Kh6 Rb6 56. Kh7 Rb7+ 57. g7 1-0

[Event "World Blitz 2015"]
[Site "Berlin GER"]
[Date "2015.10.14"]
[Round "14.69"]
[White "Agrest, Evgenij"]
[Black "Ladva, Ottomar"]
[Result "1-0"]
[WhiteTitle "GM"]
[BlackTitle "IM"]
[WhiteElo "2596"]
[BlackElo "2423"]
[WhiteFideId "1705024"]
[BlackFideId "4500024"]
[EventDate "2015.10.13"]

1. c4 e6 2. Nf3 d5 3. g3 dxc4 4. Qa4+ Nd7 5. Bg2 a6 6. Qxc4 b5 7. Qb3 Bb7 8. O-O
c5 9. a4 Qb6 10. Nc3 c4 11. Qc2 Ngf6 12. b3 cxb3 13. Qxb3 Nc5 14. Qb1 Nce4 15.
Bb2 Nxc3 16. Bxc3 Be7 17. Bd4 Qa5 18. axb5 Qxb5 19. Qc2 Rc8 20. Qd1 O-O 21. Rb1
Qd5 22. Bxf6 Bxf6 23. Ne1 Qd6 24. Rxb7 a5 25. Nf3 Qa6 26. Qb1 a4 27. e4 a3 28.
e5 a2 29. Qb2 Bd8 30. Ra1 Ra8 31. Ne1 Qa5 32. Rb5 Qa4 33. Bxa8 Qxa8 34. Rxa2 Qe4
35. Ng2 Bg5 36. Ne3 h5 37. Rb8 Rxb8 38. Qxb8+ Kh7 39. Qb2 h4 40. Qc2 1-0

[Event "World Blitz 2015"]
[Site "Berlin GER"]
[Date "2015.10.14"]
[Round "14.71"]
[White "Tari, Aryan"]
[Black "Agdestein, Simen"]
[Result "0-1"]
[WhiteTitle "IM"]
[BlackTitle "GM"]
[WhiteElo "2521"]
[BlackElo "2606"]
[WhiteFideId "1510045"]
[BlackFideId "1500015"]
[EventDate "2015.10.13"]

1. c4 f5 2. d4 Nf6 3. Nc3 e6 4. e3 d5 5. Bd3 Bd6 6. Nge2 O-O 7. f3 Kh8 8. Qc2
Nc6 9. a3 dxc4 10. Bxc4 e5 11. d5 Ne7 12. O-O a6 13. b4 Qe8 14. Bb2 Bd7 15. Rae1
Rc8 16. e4 f4 17. Nc1 c6 18. dxc6 Nxc6 19. Qd3 Bb8 20. Nd5 Ba7+ 21. Kh1 Nh5 22.
Ne2 Qg6 23. Ndxf4 exf4 24. Qxd7 Nxb4 25. axb4 Rxc4 26. Rc1 Qc6 27. Qe7 Rg8 28.
Qg5 Be3 29. Qxh5 Bxc1 30. Bxc1 Rc2 31. Bxf4 Rxe2 32. Be5 Rc2 33. Qg5 h6 34. Qf4
Kh7 35. Qf5+ Qg6 36. Qh3 Rgc8 37. Bf4 R8c4 38. Be3 Rxb4 39. e5 Rbb2 40. Rg1 Re2
41. Bf4 Rb1 0-1

[Event "World Blitz 2015"]
[Site "Berlin GER"]
[Date "2015.10.14"]
[Round "14.72"]
[White "Lagarde, Maxime"]
[Black "Ernst, Sipke"]
[Result "1-0"]
[WhiteTitle "GM"]
[BlackTitle "GM"]
[WhiteElo "2550"]
[BlackElo "2527"]
[WhiteFideId "662399"]
[BlackFideId "1004689"]
[EventDate "2015.10.13"]

1. e4 e5 2. Nf3 Nc6 3. Bb5 a6 4. Ba4 Nf6 5. d3 d6 6. c3 g6 7. O-O Bd7 8. Re1 Bg7
9. Nbd2 O-O 10. Nf1 b5 11. Bb3 Na5 12. Bc2 c5 13. Bg5 Nc6 14. Qd2 Re8 15. h3 Qc7
16. Ne3 Be6 17. Bb3 Na5 18. Bxe6 fxe6 19. Bxf6 Bxf6 20. d4 cxd4 21. cxd4 exd4
22. Ng4 Bg7 23. Rac1 Nc4 24. Qd1 h5 25. Ngh2 Qb6 26. b3 Na5 27. e5 dxe5 28. Qd3
e4 29. Rxe4 e5 30. Rce1 Nc6 31. a3 Qc5 32. R4e2 Re6 33. Ng5 Rd6 34. Ne4 Qxa3 35.
Nxd6 Qxd6 36. Nf3 Rf8 37. Ng5 Nb4 38. Qe4 Nd5 39. Rd2 Nc3 40. Qd3 Bh6 41. h4
Bxg5 42. hxg5 b4 43. Ra1 Ra8 44. Qc4+ Kg7 45. Rd3 a5 46. Rf3 Ra7 47. Rxa5 Rc7
48. Qf1 Qe7 49. Ra6 Ne4 50. Rff6 Qd7 51. Rxg6+ Kf8 52. Qd3 Qd5 53. Qf3+ Ke8 54.
Ra8+ Kd7 55. Rg7+ Kc6 56. Ra6+ Kb7 57. Rxc7+ Kxa6 58. Qd3+ Kb6 59. Rc4 Nc3 60.
Rxb4+ Ka5 61. Rc4 e4 62. Qd2 Kb5 63. Kh1 h4 64. Rxd4 Qxb3 65. Rd8 Na4 66. Rb8+
Nb6 67. Qe3 Qxe3 1-0

[Event "World Blitz 2015"]
[Site "Berlin GER"]
[Date "2015.10.14"]
[Round "14.73"]
[White "Nielsen, Peter Heine"]
[Black "Donchenko, Alexander"]
[Result "0-1"]
[WhiteTitle "GM"]
[BlackTitle "GM"]
[WhiteElo "2654"]
[BlackElo "2577"]
[WhiteFideId "1400355"]
[BlackFideId "24603295"]
[EventDate "2015.10.13"]

1. e4 c6 2. d4 d5 3. exd5 cxd5 4. Nf3 Nc6 5. Bb5 Bg4 6. Nbd2 e6 7. c4 a6 8.
Bxc6+ bxc6 9. Qa4 Rc8 10. Ne5 Bf5 11. O-O Bd6 12. cxd5 Bxe5 13. dxe5 Qxd5 14.
Nc4 Kf8 15. Nb6 Qd8 16. Nxc8 Qxc8 17. Qa3+ Ke8 18. Be3 f6 19. Rac1 Kf7 20. Rfd1
Ne7 21. Qd6 Qb7 22. Qd7 Qxb2 23. Bd4 Qxa2 24. exf6 gxf6 25. Bc5 Re8 26. Qc7 Qb2
27. h3 Be4 28. Qf4 Bd5 29. Bd4 e5 30. Qxf6+ Kxf6 31. Bxb2 Rg8 32. g3 Nf5 33. Re1
Nd4 34. Bxd4 exd4 35. g4 a5 36. Kh2 a4 37. Red1 Ke5 38. Kg3 Rf8 39. Re1+ Kd6 40.
f4 c5 41. Ra1 Bb3 42. f5 d3 43. Kf4 c4 44. Re6+ Kd5 45. Rae1 d2 46. R1e5+ Kd4
47. Rd6+ Kc3 48. Red5 d1=Q 49. Rxd1 Bxd1 50. Rxd1 a3 51. g5 a2 52. f6 Kb2 53.
Ke5 c3 54. h4 c2 0-1

[Event "World Blitz 2015"]
[Site "Berlin GER"]
[Date "2015.10.14"]
[Round "14.74"]
[White "Pham, Le Thao Nguyen"]
[Black "Ehlvest, Jaan"]
[Result "0-1"]
[WhiteTitle "IM"]
[BlackTitle "GM"]
[WhiteElo "2319"]
[BlackElo "2535"]
[WhiteFideId "12401226"]
[BlackFideId "4500016"]
[EventDate "2015.10.13"]

1. d4 Nf6 2. Nf3 c5 3. c3 b6 4. Bf4 g6 5. e3 Bg7 6. h3 O-O 7. Be2 d6 8. O-O Bb7
9. a4 a6 10. Nbd2 Nbd7 11. Bh2 Rc8 12. Qb3 Rc7 13. Rfd1 Qa8 14. c4 cxd4 15. exd4
Re8 16. Bf1 Rcc8 17. d5 a5 18. Qe3 e6 19. dxe6 Rxe6 20. Qb3 Nc5 21. Qa2 Nfd7 22.
Rac1 Ne5 23. Nd4 Ree8 24. N2b3 Rcd8 25. Nb5 Qb8 26. N3d4 h5 27. b3 Bh6 28. Rb1
Bg7 29. Qd2 d5 30. cxd5 Bxd5 31. Qc2 Qb7 32. Nc3 Be4 33. Nxe4 Nxe4 34. Nb5 Rc8
35. Qe2 Nc6 36. Qf3 f5 37. Bc4+ Kh7 38. Bd5 Qe7 39. Re1 Nb4 40. Bc4 Nc2 41. Re2
Nd4 42. Nxd4 Bxd4 43. Bg3 Qg7 44. Kh2 Qf6 45. h4 Qg7 46. Rd1 Re7 47. Rde1 Rce8
48. Bd5 Nf6 49. Rxe7 Rxe7 50. Rxe7 Qxe7 51. Bc4 0-1